Datum a čas kvízu
33
Celkem bodů
Celkový počet nahraných bodů na tomto kvízu bez doplňovacích otázek.
1.
Pořadí na kvízu
Konečné umístění týmu na tomto kvízu.
Zaznamenané odpovědi
| # | Otázka | Odpověď | Body | Výsledky |
|---|---|---|---|---|
| 1. | Příbramští policisté pátrají p... | závodní formule | 1 | |
| 2. | Česká komisařka Věra Jourová s... | hodnoty a transparentnost | 0.5 | |
| 3. | Kanadská spisovatelka Margaret... | Příběh služebnice | 1 | |
| 4. | Provozovatel hongkongské akcio... | Londýn | 1 | |
| 5. | Poražený finalista mužské dvou... | Daniil Sergejevič Medveděv | 0 | |
| 6. | Když už jsme tu měli minulý tý... | serotonin | 1 | |
| 7. | Erós je řeckým bohem lásky. Ja... | Arés, Afrodita | 1 | |
| 8. | Příponu -filie mají různá slov... | Alexej | 1 | |
| 9. | Láska je samozřejmě nevyčerpat... | 1A 2D 3C 4B | 0 | |
| 10. | Jak se jmenuje tato filmová po... | William Shakespeare | 1 |